all murder drones characters - Statistics

General Stats
  • This quiz has been taken 236 times
  • The average score is 14 of 25
Answer Stats
Answer % Correct
J
100%
N
100%
V
100%
uzi doorman
99%
CYN
96%
khan doorman
93%
lizzy
89%
tessa
89%
doll
88%
thad
87%
nori doorman
85%
beau
57%
rebecca
52%
alice
48%
teacher
43%
lord frumptlebucket
19%
sentinels
19%
chad
18%
darren
16%
keybug
13%
mr. elliot
12%
mrs. elliot
12%
frank/ladderbot
11%
dr. ridley
8%
bus
5%
No matching quizzes found
Score Distribution
Percent of People with Each Score
Percentile by Number Answered
Your Score History
You have not taken this quiz